00788nam a2200217Ia 4500001000900000003000500009005001700014008004100031010001100072040000900083082002000092110005700112245009900169260007900268300000900347440006900356500002500425650002600450650003600476710005800512dia_1114CHAP20230120102950.0220117s1968 xx 000 0 und d a171661 cCHAP a368.12 M49 1968 aMéxico. Aseguradora Nacional Agrícola y Ganadera aPrograma de aseguramiento agrícola ciclo 68-68 /c Aseguradora Nacional Agrícola Ganadera aChapingo, México :b ENA. Departamento de Industrias Agrícolas,c1968 a2 v. aSerie de encuadernaciones Departamento de Industrias Agrícolas aMaterial fotocopiado aCrop insurancexCosts aSeguros para cultivosxCostos  aAseguradora Nacional Agrícola y Ganadera (México)